| 000 | 00412nam a2200157Ia 4500 | ||
|---|---|---|---|
| 008 | 210719s1963 xx 000 0 und d | ||
| 041 | _aeng | ||
| 082 | _a541.3 GHOM | ||
| 100 | _aGHOSH (S) & KRISHNA (Bal) | ||
| 245 | _aModern physical chemistry. | ||
| 260 |
_aAllahabad _bCentral Book Depot _c1963 |
||
| 300 |
_aviii,430 _bHB |
||
| 365 | _cRs | ||
| 650 | _aPhysical Chemistry | ||
| 906 | _aPhysical Chemistry | ||
| 999 |
_c212547 _d212547 |
||